000
00220nam a22000977a 4500
041
_a
eng
080
_a
80
100
_a
Пиаже, П.
245
_a
Экспериментальная психология.
999
_c
280940
_d
280940
942
_c
BK